000 01102nam a2200301 i 4500
003 EG-GICUC
005 20260418105504.0
008 260418s1988 fr ||||fr|||| 00| 0 fre d
040 _a EG-GICUC
_c EG-GICUC
_d EG-GICUC
_erda
_bfre
041 0 _afre
082 0 4 _221
_a343.1163
_bR E
092 0 4 _221
099 _aLaw1 10 343.1163 R E 1988
110 _kAssociation internationale de droit pénal
245 0 0 _aRevue internationale de droit pénal :
_bstructures et méthodes de la coopération répressive internationale et régionale (à l'exclusion de l'extradition) /
_cAssociation internationale de droit pénal.
264 1 _aToulouse :
_bEditions Erès,
_c1988.
300 _a1371 page ;
_c24 cm
_billustration ;
336 _2rda content
_atext
337 _2rda media
_aComputer
338 _2rda carrier
_aOnline Resource
504 _aComprend des références bibliographiques.
546 _aTexte en français
650 1 _2qrmak
_aCriminal law
651 1 _2qrmak
856 4 0 _uhttps://fll.law.cu.edu.eg/fulltext/bks/B10-10250.pdf
905 _a74
942 _2ddc
_n0
_cBK
_e21
999 _c71619
_d71619